Logo BPK

Biblioteka

Politechniki Koszalińskiej

O pewnych zagadnieniach biparabolicznych dla ćwierćpłaszczyzny / (Rekord nr 16153)

Szczegóły MARC
000 -ETYKIETA REKORDU
podpole kontrolne o stałej długości 00415nam a2200157 i 4500
001 - NUMER KONTROLNY REKORDU
pole kontrolne bg
040 ## - ŹRÓDŁO KATALOGOWANIA
Instytucja, która utworzyła rekord BPK
041 ## - KOD JĘZYKA
Kod języka tekstu pol
080 ## - UNIWERSALNA KLASYFIKACJA DZIESIĘTNA - UKD
UKD 517
008 - POLE O STAŁEJ DŁUGOŚCI - DANE KONTROLNE
podpole kontrolne o stałej długości s pl f |000 0 pol
100 1# - NAZWA OSOBOWA
Nazwa osobowa BARAŃSKI, Feliks
245 #0 - TYTUŁ/ODPOWIEDZIALNOŚĆ
Tytuł O pewnych zagadnieniach biparabolicznych dla ćwierćpłaszczyzny /
Pozostałe elementy strefy tytułu i oznaczenia odpowiedzialności Feliks Barański, Jan Milewski.
260 ## - STREFA ADRESU WYDAWNICZEGO
Miejsce wydania Kraków,
Data publikacji, dystrybucji/powstania dokumentu 1974.
700 1# - HASŁO DODATKOWE - NAZWA OSOBOWA
Nazwa osobowa MILEWSKI, Jan
856 ## - LOKALIZACJA I DOSTĘP DO ELEKTRONICZNYCH DOKUMENTÓW ZDALNYCH
Link (URL) http://koha.tu.koszalin.pl/cgi-bin/koha/opac-detail.pl?biblionumber=16153
Tekst linku Katalog online BPK
942 ## - DODATKOWE ELEMENTY (KOHA)
Typ dokumentu Książka
Egzemplarze
Wycofany Status egzemplarza Uszkodzony Dostępność Lokalizacja stała Lokalizacja bieżąca Miejsce przechowywania Sygnatura Kod kreskowy Typ dokumentu
      Dostępny Biblioteka Politechniki Koszalińskiej Biblioteka Politechniki Koszalińskiej Wypożyczalnia BG 19689 01707090 Książka
© 2023 Biblioteka Politechniki Koszalińskiej :: KOHA